[Event "Horst Emscher 2- Oberhausen 2"]
[Site "?"]
[Date "2022.11.06"]
[Round "4.1"]
[White "Joergens, Markus"]
[Black "Doenges, Dirk"]
[Result "0-1"]
[WhiteElo "2072"]
[BlackElo "1840"]
[PlyCount "68"]
[SourceDate "2022.10.02"]

1. d4 d5 2. c4 c6 3. cxd5 cxd5 4. Bg5 Nc6 5. Nc3 Nf6 6. Bxf6 exf6 7. e3 a6 8.
Be2 Bb4 9. Bf3 O-O 10. Nge2 Be6 11. O-O Ne7 12. Qb3 Bxc3 13. Nxc3 Qd6 14. Rfc1
b5 15. Ne2 g5 16. g3 Rfc8 17. Nc3 Ra7 18. a4 b4 19. Na2 a5 20. Rxc8+ Bxc8 21.
Rc1 Ba6 22. Qd1 Rc7 23. Rxc7 Qxc7 24. Qc1 Qxc1+ 25. Nxc1 Bc4 26. e4 Nc6 27.
exd5 Nxd4 28. Bg2 Kf8 29. f4 Ke7 30. Kf2 Kd6 31. Ke3 Nb3 32. Nd3 Bxd5 33. Bxd5
Kxd5 34. h3 h6 0-1

[Event "Horst Emscher 2- Oberhausen 2"]
[Site "?"]
[Date "2022.11.06"]
[Round "4.2"]
[White "Schorra, Helmut"]
[Black "Krueger, Andre"]
[Result "1/2-1/2"]
[WhiteElo "2108"]
[BlackElo "1950"]
[PlyCount "59"]
[SourceDate "2022.10.02"]

1. Nf3 d5 2. g3 Nf6 3. Bg2 e6 4. O-O c5 5. d4 cxd4 6. Nxd4 e5 7. Nb3 Be6 8. c4
Nc6 9. cxd5 Bxd5 10. Nc3 Bxg2 11. Kxg2 Bb4 12. Bd2 O-O 13. a3 Bxc3 14. Bxc3
Qd5+ 15. Qxd5 Nxd5 16. Bd2 Nde7 17. Rfd1 Rfd8 18. Bc3 f6 19. Nc5 Rxd1 20. Rxd1
Rd8 21. Rc1 b6 22. Na6 Rc8 23. e4 Kf7 24. f4 exf4 25. gxf4 Nd4 26. Re1 Nb5 27.
Re3 f5 28. Be5 Rc2+ 29. Kg3 fxe4 30. Rxe4 1/2-1/2

[Event "Horst Emscher 2- Oberhausen 2"]
[Site "?"]
[Date "2022.11.06"]
[Round "4.3"]
[White "Gross, Thomas"]
[Black "Wilbert, Siegfried"]
[Result "0-1"]
[WhiteElo "2029"]
[BlackElo "1989"]
[PlyCount "82"]
[SourceDate "2022.10.02"]

1. Nf3 c5 2. g3 Nc6 3. Bg2 g6 4. O-O Bg7 5. c4 e5 6. Nc3 Nge7 7. Ne1 d6 8. Nc2
Be6 9. Ne3 O-O 10. d3 Qd7 11. Ned5 Bh3 12. a3 Bxg2 13. Kxg2 Nxd5 14. Nxd5 f5
15. f3 Rf7 16. Rb1 Raf8 17. b4 Nd4 18. Bd2 b6 19. a4 Qd8 20. a5 f4 21. g4 h5
22. h3 Bh6 23. axb6 axb6 24. bxc5 bxc5 25. Rb6 Bg5 26. Rh1 Bh4 27. Be1 Bxe1 28.
Qxe1 Nc2 29. Qb1 Nd4 30. Kf1 Kh8 31. Rb7 Qa8 32. Ne7 Kh7 33. gxh5 gxh5 34. Rg1
Re8 35. Qb6 Qa2 36. Rg2 Qa1+ 37. Kf2 Qd1 38. Qb2 Rexe7 39. Rb8 Rg7 40. Rxg7+
Rxg7 41. Rb7 Qg1# 0-1

[Event "Horst Emscher 2- Oberhausen 2"]
[Site "?"]
[Date "2022.11.06"]
[Round "4.4"]
[White "Renn, Thorsten"]
[Black "Gerst, Michael"]
[Result "1/2-1/2"]
[WhiteElo "1901"]
[BlackElo "1942"]
[PlyCount "50"]
[SourceDate "2022.10.02"]

1. e4 c5 2. Nf3 e6 3. d4 cxd4 4. Nxd4 a6 5. Nc3 Qc7 6. g3 Bb4 7. Qd3 Nf6 8. Bg2
Be7 9. O-O d6 10. f4 Bd7 11. Kh1 Nc6 12. f5 Nxd4 13. Qxd4 O-O 14. Bg5 Rad8 15.
Rae1 b5 16. Bh4 b4 17. Qxb4 Rb8 18. Qd4 e5 19. Qd1 Rxb2 20. Bxf6 Bxf6 21. Nd5
Qxc2 22. Qf3 Bb5 23. Rg1 Qd2 24. Rd1 Qh6 25. Qa3 Rc2 1/2-1/2

[Event "Horst Emscher 2- Oberhausen 2"]
[Site "?"]
[Date "2022.11.06"]
[Round "4.5"]
[White "Stefaniak, Christian"]
[Black "Verfuerth, Christian"]
[Result "1/2-1/2"]
[WhiteElo "2038"]
[BlackElo "1974"]
[PlyCount "25"]
[SourceDate "2022.10.02"]

1. e4 e6 2. d4 d5 3. exd5 exd5 4. Nf3 Bg4 5. Bd3 Bd6 6. O-O Nc6 7. c3 Qf6 8.
Qe1+ Nge7 9. Bg5 Qe6 10. Qxe6 Bxe6 11. Re1 O-O 12. Nbd2 h6 13. Bxe7 1/2-1/2

[Event "Horst Emscher 2- Oberhausen 2"]
[Site "?"]
[Date "2022.11.06"]
[Round "4.6"]
[White "Schreiner, Paulo"]
[Black "Kraus, Kilian"]
[Result "1-0"]
[WhiteElo "1891"]
[BlackElo "1763"]
[PlyCount "55"]
[SourceDate "2022.10.02"]

1. d4 d5 2. c4 c6 3. cxd5 cxd5 4. Bf4 Nc6 5. Nc3 Nf6 6. e3 e6 7. Bd3 Bd6 8.
Bxd6 Qxd6 9. f4 b6 10. Nf3 Nb4 11. Be2 O-O 12. a3 Nc6 13. Bd3 Nd7 14. O-O Bb7
15. Ng5 h6 16. Nf3 a6 17. Ne5 Ne7 18. Nxd7 Qxd7 19. Rf3 b5 20. Rh3 f6 21. Qg4
Nf5 22. Qg6 Ne7 23. Qh7+ Kf7 24. Rxh6 f5 25. Be2 Rg8 26. Bh5+ Kf8 27. Rf6+ gxf6
28. Qf7# 1-0

[Event "Horst Emscher 2- Oberhausen 2"]
[Site "?"]
[Date "2022.11.06"]
[Round "4.7"]
[White "Akcapinar, Yavuz"]
[Black "Konietzka, Bernd"]
[Result "1/2-1/2"]
[WhiteElo "1784"]
[BlackElo "2015"]
[PlyCount "21"]
[SourceDate "2022.10.02"]

1. e4 c5 2. Nc3 d6 3. f4 Nc6 4. Nf3 Bg4 5. Bb5 Bxf3 6. Bxc6+ bxc6 7. Qxf3 e6 8.
O-O Nf6 9. d3 Be7 10. Na4 d5 11. Rd1 1/2-1/2

[Event "Horst Emscher 2- Oberhausen 2"]
[Site "?"]
[Date "2022.11.06"]
[Round "4.8"]
[White "Rydzewski, Klaus"]
[Black "Seibert, Michael"]
[Result "1-0"]
[WhiteElo "2081"]
[BlackElo "2035"]
[Annotator "daniel"]
[PlyCount "79"]
[SourceDate "2022.10.02"]

1. e4 c5 2. c3 d5 3. exd5 Qxd5 4. d4 Nc6 5. Nf3 Bg4 6. Be2 e6 7. O-O cxd4 8.
cxd4 Bd6 9. h3 h5 10. Nc3 Qa5 11. d5 exd5 12. Qxd5 $11 Qxd5 13. Nxd5 Be6 14.
Nf4 Bf5 15. Bb5 O-O-O 16. Be3 Nge7 17. Rac1 f6 18. Nd4 Be4 19. Nde6 Rdg8 20.
Bxa7 g5 21. Rfe1 Bf5 22. Nd3 g4 23. h4 g3 24. f3 Ng6 25. Nd4 Bxd3 26. Bxd3 Nxh4
27. Be4 Bf4 28. Rc2 Re8 29. Nxc6 bxc6 30. Rxc6+ Kb7 31. Rxf6+ Kxa7 32. Rxf4 Ng6
33. Rf7+ Re7 34. Rxe7+ Nxe7 35. Rd1 Rc8 36. Kf1 Rc7 37. Ke2 Ng8 38. Rd6 Rc1 39.
Rg6 Rg1 40. f4 1-0

[Event "Annen- Buer"]
[Site "?"]
[Date "2022.11.06"]
[Round "4.1"]
[White "Griebl, Joern"]
[Black "Wicht, Juergen"]
[Result "1-0"]
[WhiteElo "2249"]
[BlackElo "2149"]
[PlyCount "93"]
[SourceDate "2022.10.02"]

1. d4 d6 2. c4 e5 3. Nf3 Nd7 4. Nc3 Ngf6 5. g3 Be7 6. Bg2 O-O 7. O-O Re8 8. e3
Bf8 9. b4 exd4 10. Nxd4 a5 11. bxa5 Rxa5 12. Rb1 Nc5 13. Nb3 Nxb3 14. axb3 Bf5
15. Rb2 Qc8 16. Bd2 Ra8 17. Nb5 Ne4 18. Nd4 Nxd2 19. Qxd2 Bh3 20. Ra2 Bxg2 21.
Kxg2 Rxa2 22. Qxa2 Qa8 23. Ra1 Qxa2 24. Rxa2 g6 25. Ra7 Rb8 26. Kf3 Be7 27. Ke4
Kf8 28. Kd3 Ke8 29. b4 Kd8 30. b5 Bf6 31. Nb3 Kc8 32. Na5 Bd8 33. f3 Be7 34.
Ke4 Bf6 35. Kd5 Bc3 36. Nb3 Bb4 37. Ra4 Bc3 38. c5 Kd7 39. Ra7 Bb4 40. c6+
bxc6+ 41. bxc6+ Kc8 42. Ra4 Bc3 43. Kc4 Bf6 44. Na5 Rb2 45. Nb7 Kb8 46. Rb4
Rc2+ 47. Kb5 1-0

[Event "Annen- Buer"]
[Site "?"]
[Date "2022.11.06"]
[Round "4.2"]
[White "Mainka, Gregor"]
[Black "Hammerich, Simon"]
[Result "1/2-1/2"]
[WhiteElo "2210"]
[BlackElo "2021"]
[PlyCount "58"]
[SourceDate "2022.10.02"]

1. Nf3 d5 2. e3 Nf6 3. c4 e6 4. d4 c5 5. Nc3 Nc6 6. cxd5 exd5 7. Bb5 Be7 8. Ne5
Qc7 9. Qa4 Bd7 10. Nxd7 Qxd7 11. dxc5 Bxc5 12. O-O O-O 13. b3 Rfe8 14. Bb2 Rac8
15. Rad1 Qf5 16. Ne2 Ne4 17. Ng3 Qg5 18. b4 Nxg3 19. hxg3 Re4 20. a3 Nxb4 21.
Bd7 Rc7 22. axb4 Rxb4 23. Qc2 Rxd7 24. Qxc5 Rxb2 25. e4 Rb6 26. Rxd5 Rxd5 27.
exd5 Qd8 28. Rd1 Rd6 29. Qxa7 b6 1/2-1/2

[Event "Annen- Buer"]
[Site "?"]
[Date "2022.11.06"]
[Round "4.3"]
[White "Wolff, Christoph"]
[Black "Al Ali, Mohammad"]
[Result "0-1"]
[WhiteElo "1986"]
[BlackElo "1833"]
[PlyCount "64"]
[SourceDate "2022.10.02"]

1. e4 c5 2. Nf3 Nc6 3. Nc3 g6 4. d4 cxd4 5. Nxd4 Bg7 6. Be3 a6 7. Qd2 d6 8.
O-O-O Qc7 9. Nd5 Qd8 10. Nxc6 bxc6 11. Bb6 Rb8 12. Nc7+ Kd7 13. Qa5 Rxb6 14.
Qxb6 Qxc7 15. Qb3 Nh6 16. f4 Rd8 17. g4 Ke8 18. h3 Be6 19. Qa3 Rb8 20. c3 Qb6
21. f5 Qe3+ 22. Rd2 gxf5 23. gxf5 Nxf5 24. exf5 Bxf5 25. Kd1 Qf3+ 26. Ke1 Qxh1
27. Rg2 Bxh3 28. Rxg7 Qxf1+ 29. Kd2 Qf4+ 30. Kd1 Bg4+ 31. Kc2 Qe4+ 32. Kd2 Qe2+
0-1

[Event "Annen- Buer"]
[Site "?"]
[Date "2022.11.06"]
[Round "4.4"]
[White "Herrmann, Uwe"]
[Black "Wiechen, Ulrich"]
[Result "1-0"]
[WhiteElo "2000"]
[BlackElo "2156"]
[PlyCount "65"]
[SourceDate "2022.10.02"]

1. d4 d5 2. Nf3 Nf6 3. c4 dxc4 4. Nc3 a6 5. a4 Bf5 6. e3 e6 7. Bxc4 Nc6 8. O-O
Bd6 9. Re1 Ne4 10. Bd3 Nxc3 11. bxc3 Bg4 12. h3 Bh5 13. e4 e5 14. Be3 O-O 15.
Rb1 b6 16. Qe2 exd4 17. cxd4 Bb4 18. Rec1 Bxf3 19. gxf3 Qd7 20. Rxc6 Qxc6 21.
Rxb4 Qg6+ 22. Kh1 Qh5 23. Kh2 Rfe8 24. e5 Rad8 25. Bxa6 c5 26. dxc5 Qxe5+ 27.
f4 Qa1 28. cxb6 Rd6 29. Bb7 Rb8 30. Bf3 Rg6 31. Bg2 Qc3 32. Rc4 Qf6 33. b7 1-0

[Event "Annen- Buer"]
[Site "?"]
[Date "2022.11.06"]
[Round "4.5"]
[White "Winzbeck, Frank"]
[Black "Daemmrich, Lars"]
[Result "0-1"]
[WhiteElo "1867"]
[BlackElo "1847"]
[PlyCount "70"]
[SourceDate "2022.10.02"]

1. d4 d5 2. c4 e6 3. Nf3 Nf6 4. Bg5 c6 5. Nc3 Bb4 6. Qc2 Nbd7 7. e3 Qa5 8. Nd2
O-O 9. Bd3 dxc4 10. Bxh7+ Nxh7 11. h4 Nb6 12. O-O-O Bxc3 13. bxc3 e5 14. dxe5
Qxe5 15. Nf3 Qa5 16. Rd4 Re8 17. g4 Be6 18. Rg1 Na4 19. e4 Qxc3 20. Be3 Rad8
21. g5 Rxd4 22. Nxd4 Qa1+ 23. Qb1 Qxb1+ 24. Kxb1 Nc3+ 25. Kc2 Nxe4 26. g6 fxg6
27. Rxg6 Kf7 28. Rg1 Nhf6 29. f3 Nd6 30. Bf4 Nb5 31. Nxe6 Rxe6 32. Kd2 Nd4 33.
Rf1 Nd5 34. Bb8 Re2+ 35. Kc1 Rc2+ 0-1

[Event "Annen- Buer"]
[Site "?"]
[Date "2022.11.06"]
[Round "4.6"]
[White "Hartung, Thomas"]
[Black "Hirschberg, Markus"]
[Result "1/2-1/2"]
[WhiteElo "1912"]
[BlackElo "1837"]
[PlyCount "78"]
[SourceDate "2022.10.02"]

1. e4 e6 2. d4 d5 3. Nc3 Bb4 4. e5 c5 5. a3 Bxc3+ 6. bxc3 Ne7 7. Qg4 Qc7 8.
Qxg7 Rg8 9. Qxh7 cxd4 10. Kd1 Qxe5 11. Nf3 Qf6 12. cxd4 Nbc6 13. Qd3 Nf5 14. c3
Bd7 15. h4 Na5 16. Ne5 Ba4+ 17. Ke1 Nd6 18. g4 Nb3 19. Rb1 Nxc1 20. Rxc1 Qf4
21. Rb1 Ne4 22. Qe3 Qxe3+ 23. fxe3 f6 24. Nf3 b6 25. Rg1 Nxc3 26. Rc1 Rc8 27.
g5 fxg5 28. Bh3 Bd7 29. hxg5 Ke7 30. Ne5 Ne4 31. Rxc8 Rxc8 32. Ke2 Bb5+ 33. Kf3
Rf8+ 34. Kg2 Rg8 35. g6 Rg7 36. Kf3 Be8 37. Ke2 Bb5+ 38. Kf3 Be8 39. Ke2 Bb5+
1/2-1/2

[Event "Annen- Buer"]
[Site "?"]
[Date "2022.11.06"]
[Round "4.7"]
[White "Strohmann, Andreas"]
[Black "Jeschke, Holger"]
[Result "1/2-1/2"]
[WhiteElo "1790"]
[BlackElo "1911"]
[PlyCount "49"]
[SourceDate "2022.10.02"]

1. e4 c6 2. d4 d5 3. exd5 cxd5 4. c4 Nf6 5. Nf3 Nc6 6. h3 g6 7. Be2 Bg7 8. O-O
O-O 9. c5 Ne4 10. Bb5 Qc7 11. Bxc6 bxc6 12. b3 Nxc5 13. Qc2 Ne4 14. Bb2 Bf5 15.
Nh4 Bd7 16. Nd2 Nxd2 17. Qxd2 e5 18. dxe5 Bxe5 19. Bxe5 Qxe5 20. Rfe1 Qf6 21.
Nf3 Rfe8 22. Qh6 Rxe1+ 23. Rxe1 Re8 24. Rxe8+ Bxe8 25. Qe3 1/2-1/2

[Event "Hansa Dortmund 2- Sterkrade"]
[Site "?"]
[Date "2022.11.06"]
[Round "4.1"]
[White "Knudsen, Simon"]
[Black "Zelt, Jens"]
[Result "1/2-1/2"]
[WhiteElo "2275"]
[BlackElo "2086"]
[Annotator "daniel"]
[PlyCount "67"]
[SourceDate "2022.10.02"]

1. e4 d6 2. d4 c6 3. Nf3 Nd7 4. Nc3 e5 5. Bc4 Be7 6. O-O Bf6 7. dxe5 dxe5 8.
Ne2 b5 9. Bb3 a5 10. a3 Qc7 11. Ng3 g6 12. Ng5 Bxg5 13. Bxg5 Nc5 14. Ba2 Be6
15. Be3 Rd8 16. Qf3 Qe7 17. Bxc5 Qxc5 18. Bxe6 fxe6 19. Rac1 Ke7 20. c4 b4 21.
axb4 axb4 22. b3 Nf6 $11 23. Ra1 Ra8 24. Rfd1 Rxa1 25. Rxa1 Rd8 26. h3 Qb6 27.
Ra2 Rd7 28. Qe2 Ra7 29. Rxa7+ Qxa7 30. Qd2 Qa5 31. Kh2 Qc5 32. f3 Qd6 33. Qh6
Kf7 34. Qe3 1/2-1/2

[Event "Hansa Dortmund 2- Sterkrade"]
[Site "?"]
[Date "2022.11.06"]
[Round "4.2"]
[White "Dawid, Adalbert"]
[Black "Stricker, Florian"]
[Result "1/2-1/2"]
[WhiteElo "2120"]
[BlackElo "2179"]
[PlyCount "123"]
[SourceDate "2022.10.02"]

1. d4 d6 2. e4 Nf6 3. Nc3 g6 4. Be2 c6 5. a4 Nbd7 6. f4 Bg7 7. e5 Nd5 8. Nxd5
cxd5 9. Bf3 O-O 10. Ne2 e6 11. O-O Rb8 12. b3 dxe5 13. fxe5 f6 14. Nf4 Nxe5 15.
Bxd5 exd5 16. dxe5 fxe5 17. Qxd5+ Kh8 18. Bb2 Qxd5 19. Nxd5 Bf5 20. Ne3 Be4 21.
c4 Kg8 22. Rad1 Rfd8 23. Kf2 Kf7 24. Nd5 Bc2 25. Ke3+ Kg8 26. Ne7+ Kh8 27. Rd5
Bxb3 28. Bxe5 Bxc4 29. Bxb8 Bxd5 30. Nxd5 Rxb8 31. Rf7 Kg8 32. Rd7 a6 33. Nb6
Bf6 34. Ke4 Bd8 35. Nd5 b5 36. Nb4 Rc8 37. axb5 axb5 38. Kd5 Bg5 39. Rb7 Rd8+
40. Ke4 Re8+ 41. Kf3 Rf8+ 42. Ke2 Re8+ 43. Kf3 Re3+ 44. Kf2 Re5 45. Nc6 Re6 46.
Nb4 Be3+ 47. Kf3 Rb6 48. Rxb6 Bxb6 49. Ke4 Bc5 50. Nd3 Bf8 51. Kd5 Kg7 52. Kc6
b4 53. Kb5 Kf6 54. Nxb4 Bd6 55. Nd5+ Kf5 56. h3 Be5 57. Kc4 Ke4 58. g4 Ba1 59.
g5 Kf5 60. h4 Be5 61. Kd3 Bf4 62. Ke2 1/2-1/2

[Event "Hansa Dortmund 2- Sterkrade"]
[Site "?"]
[Date "2022.11.06"]
[Round "4.3"]
[White "Werner, Patrick"]
[Black "Aulich, Marcell"]
[Result "1/2-1/2"]
[WhiteElo "1882"]
[BlackElo "2207"]
[PlyCount "32"]
[SourceDate "2022.10.02"]

1. e4 c6 2. d4 d5 3. e5 Bf5 4. Nf3 e6 5. c4 Ne7 6. Nc3 Nd7 7. cxd5 cxd5 8. Qb3
Nc6 9. Qxb7 Nb4 10. Bb5 Rc8 11. Bxd7+ Qxd7 12. Qxd7+ Kxd7 13. O-O Nc2 14. Rb1
Nb4 15. Ra1 Nc2 16. Rb1 Nb4 1/2-1/2

[Event "Hansa Dortmund 2- Sterkrade"]
[Site "?"]
[Date "2022.11.06"]
[Round "4.4"]
[White "Georg, Wolffgang"]
[Black "Grewe, Ludger"]
[Result "0-1"]
[WhiteElo "1919"]
[BlackElo "2134"]
[Annotator "daniel"]
[PlyCount "78"]
[SourceDate "2022.10.02"]

1. d4 Nf6 2. Bf4 d5 3. e3 c5 4. c3 Nc6 5. Nd2 e6 6. Ngf3 Bd6 7. Bg3 Qe7 8. Ne5
Nd7 9. f4 O-O 10. Bd3 f5 11. Bb5 Ndxe5 12. fxe5 Bc7 13. Bxc6 bxc6 14. O-O Ba6
15. Rf2 Bd3 16. Nb3 c4 17. Nc5 Be4 18. Qa4 Qe8 19. Raf1 Bd3 20. Nxd3 cxd3 21.
c4 Bb6 22. cxd5 cxd5 23. Qxe8 Rfxe8 24. Rd2 Rac8 25. Rxd3 Rc2 26. Rb3 Rec8 27.
Be1 Re2 28. Bc3 $11 Rxe3 29. Kf2 Re4 30. Rd1 Rc4 31. Rxb6 axb6 32. Rd3 Kf7 33.
Rd2 g5 34. Rd3 Kg6 35. b3 Rc6 36. a4 h5 37. b4 f4 38. b5 Rc8 39. a5 Re3 0-1

[Event "Hansa Dortmund 2- Sterkrade"]
[Site "?"]
[Date "2022.11.06"]
[Round "4.5"]
[White "Kuckling, Hannah"]
[Black "Schaepers, Lars"]
[Result "0-1"]
[WhiteElo "2057"]
[BlackElo "1806"]
[PlyCount "66"]
[SourceDate "2022.10.02"]

1. e4 e6 2. Qe2 c5 3. g3 Nc6 4. c3 d6 5. Bg2 Be7 6. f4 e5 7. d3 Nf6 8. Nf3 b6
9. Na3 Ba6 10. Nc2 O-O 11. c4 b5 12. b3 Qb6 13. O-O bxc4 14. bxc4 Rab8 15. f5
Nd4 16. Nfxd4 cxd4 17. Kh1 Nd7 18. g4 Nc5 19. Qf3 f6 20. h4 Qa5 21. Rf2 Qc3 22.
Bf1 Rb7 23. g5 Rfb8 24. gxf6 Bxf6 25. Bg5 Bxg5 26. hxg5 Rb2 27. Rc1 Bxc4 28.
dxc4 d3 29. f6 d2 30. f7+ Kf8 31. Qf5 dxc1=Q 32. Qxh7 Ne6 33. g6 Qh6+ 0-1

[Event "Hansa Dortmund 2- Sterkrade"]
[Site "?"]
[Date "2022.11.06"]
[Round "4.6"]
[White "Vojdani, Bahram"]
[Black "Herud, Martin"]
[Result "0-1"]
[WhiteElo "1695"]
[BlackElo "1977"]
[PlyCount "50"]
[SourceDate "2022.10.02"]

1. e4 c5 2. Nc3 Nc6 3. Bb5 Nd4 4. Bc4 g6 5. Nge2 Bg7 6. O-O e6 7. Nxd4 cxd4 8.
Ne2 Ne7 9. d3 O-O 10. Ng3 d5 11. exd5 Nxd5 12. Re1 a6 13. a4 b6 14. Bd2 Bb7 15.
Bb3 Qc7 16. Qe2 Nf4 17. Bxf4 Qxf4 18. Nf1 Rac8 19. Nd2 Rc5 20. Ne4 Re5 21. g3
Qh6 22. f4 Rh5 23. Rf1 Rd8 24. Rae1 Rh3 25. Ng5 Rxg3+ 0-1

[Event "Hansa Dortmund 2- Sterkrade"]
[Site "?"]
[Date "2022.11.06"]
[Round "4.7"]
[White "Finke, Tobias"]
[Black "Schrimpl, Michael"]
[Result "1/2-1/2"]
[WhiteElo "2054"]
[BlackElo "1404"]
[PlyCount "47"]
[SourceDate "2022.10.02"]

1. Nf3 c5 2. c4 Nc6 3. g3 e6 4. Bg2 Nf6 5. O-O d5 6. b3 g6 7. Bb2 Bg7 8. cxd5
exd5 9. d4 Ne4 10. e3 O-O 11. Nbd2 cxd4 12. Nxd4 Nxd4 13. Bxd4 Bxd4 14. exd4
Nxd2 15. Qxd2 Be6 16. Rac1 Rc8 17. Rxc8 Qxc8 18. Rc1 Qd7 19. Qc3 b6 20. Qc7
Qxc7 21. Rxc7 Ra8 22. f4 h5 23. h3 Kg7 24. Kf2 1/2-1/2

[Event "Hansa Dortmund 2- Sterkrade"]
[Site "?"]
[Date "2022.11.06"]
[Round "4.8"]
[White "Kassem, Kassem"]
[Black "Walker, Julia"]
[Result "0-1"]
[WhiteElo "1254"]
[BlackElo "1772"]
[PlyCount "54"]
[SourceDate "2022.10.02"]

1. e4 e5 2. Nf3 Nc6 3. Bc4 Bc5 4. d3 d6 5. Nc3 Bg4 6. h3 Be6 7. Nd5 Na5 8. b4
Nxc4 9. bxc5 Na5 10. Ba3 dxc5 11. c4 f6 12. Bxc5 c6 13. Ne3 Ne7 14. Nh4 b6 15.
Bxe7 Qxe7 16. Nef5 Bxf5 17. Nxf5 Qc7 18. Qg4 g6 19. Ne3 Qd7 20. Qe2 Qd4 21. O-O
O-O-O 22. Rfd1 Nb7 23. Nc2 Qc3 24. Rab1 Nc5 25. Nb4 Kb7 26. Qb2 Qxb2 27. Rxb2
a5 0-1

[Event "Hamm- Gladbeck"]
[Site "?"]
[Date "2022.11.06"]
[Round "4.1"]
[White "Hassenrueck, Helmut"]
[Black "Spyrou, Emmanouil"]
[Result "1/2-1/2"]
[WhiteElo "2153"]
[BlackElo "2169"]
[PlyCount "71"]
[SourceDate "2022.10.02"]

1. d4 Nf6 2. Nf3 g6 3. c4 Bg7 4. Nc3 d6 5. e4 O-O 6. Be2 e5 7. dxe5 dxe5 8.
Qxd8 Rxd8 9. Bg5 c6 10. Nxe5 Re8 11. O-O-O Na6 12. f4 h6 13. Bh4 g5 14. fxg5
hxg5 15. Bg3 Nc5 16. Rhe1 Be6 17. Bf3 g4 18. Be2 Ncxe4 19. Nxe4 Nxe4 20. Bxg4
Nxg3 21. hxg3 Bxe5 22. Rxe5 Bxc4 23. Rg5+ Kf8 24. b3 Bd5 25. Rh1 Ke7 26. Bf3
Be6 27. Bg4 Kf6 28. Rhh5 Rg8 29. Rxg8 Rxg8 30. Bxe6 Kxe6 31. Rh3 a5 32. Kd2 Rg4
33. Ke2 a4 34. Kf3 f5 35. Rh4 axb3 36. axb3 1/2-1/2

[Event "Hamm- Gladbeck"]
[Site "?"]
[Date "2022.11.06"]
[Round "4.2"]
[White "Schlaap, Ralf"]
[Black "Frohne, Gerd"]
[Result "1-0"]
[WhiteElo "2119"]
[BlackElo "2103"]
[PlyCount "105"]
[SourceDate "2022.10.02"]

1. e4 e6 2. d4 d5 3. Nd2 Nf6 4. e5 Nfd7 5. Bd3 c5 6. c3 Nc6 7. Ne2 cxd4 8. cxd4
f6 9. exf6 Nxf6 10. Nf3 Bd6 11. O-O Qc7 12. g3 O-O 13. Bf4 Bd7 14. Rc1 Bxf4 15.
Nxf4 Qb6 16. Qd2 Ne4 17. Qe3 Nd6 18. Ne5 Nxe5 19. Qxe5 Nf5 20. Bxf5 Rxf5 21.
Qc7 Bb5 22. Rfd1 g5 23. Ng2 Rf7 24. Qxb6 axb6 25. a3 Ra4 26. Ne3 Kg7 27. Rd2 h5
28. Rc3 Be8 29. Kg2 e5 30. Nc2 e4 31. Nb4 Ra5 32. Rdc2 Rd7 33. Rc7 Kf6 34. Rxd7
Bxd7 35. Rc7 Ke7 36. Rxb7 Rb5 37. Rxb6 Rxb6 38. Nxd5+ Kd6 39. Nxb6 Bg4 40. a4
Kc6 41. a5 Bf3+ 42. Kf1 Kb5 43. Ke1 Kxa5 44. Nc4+ Kb5 45. Ne3 h4 46. Kd2 hxg3
47. hxg3 Bh5 48. Kc3 Bf7 49. Ng4 Be6 50. Ne5 Bd5 51. Nd7 Be6 52. Nf6 Bf5 53. d5
1-0

[Event "Hamm- Gladbeck"]
[Site "?"]
[Date "2022.11.06"]
[Round "4.3"]
[White "Kruse, Peter"]
[Black "Voss, Hubertus"]
[Result "0-1"]
[WhiteElo "1952"]
[BlackElo "2161"]
[Annotator "daniel"]
[PlyCount "122"]
[SourceDate "2022.10.02"]

1. d4 Nf6 2. Nf3 e6 3. g3 d5 4. Bg2 Bd6 5. O-O O-O 6. b3 Nbd7 7. Bb2 b6 8. Nbd2
Bb7 9. c4 Qe7 10. Rc1 c5 11. Re1 Rfd8 12. e3 Rac8 13. Qe2 dxc4 14. Nxc4 Ba6 15.
Qd1 Bb8 16. Ncd2 e5 17. dxe5 Nxe5 18. Nxe5 Bxe5 19. Bxe5 Qxe5 20. Qc2 h6 21.
Nf3 $11 Qe7 22. Rcd1 Bb7 23. Rxd8+ Rxd8 24. Rd1 Be4 25. Rxd8+ Qxd8 26. Qd2 Qa8
27. Ne1 Bxg2 28. Nxg2 Qd5 29. Qc2 Qe4 30. Ne1 Kf8 31. Qd3 Qxd3 32. Nxd3 Ke7 33.
Kf1 Nd5 34. Ke1 Nc3 35. Nc1 Kd6 36. f3 f5 37. Kd2 Nd5 38. a3 b5 39. Kd3 Nb6 40.
e4 c4+ 41. Kd4 fxe4 42. fxe4 cxb3 43. Nxb3 Nc4 44. Kc3 Nxa3 45. Kb4 Nc2+ 46.
Kxb5 Ne3 47. h3 Nf1 48. g4 Ke5 49. Nc5 Nd2 50. Ka6 Nxe4 51. Nd3+ Kf6 52. Kxa7
Kg5 53. Kb6 Kh4 54. Kc6 Kxh3 55. Ne5 Nf6 56. g5 hxg5 57. Kd6 g4 58. Ke6 g3 59.
Kf7 g2 60. Nf3 Nh5 61. Kg6 Nf4+ 0-1

[Event "Hamm- Gladbeck"]
[Site "?"]
[Date "2022.11.06"]
[Round "4.4"]
[White "Hufelschulte, Norbert"]
[Black "Rickert, Stefan"]
[Result "1/2-1/2"]
[WhiteElo "2072"]
[BlackElo "2031"]
[PlyCount "48"]
[SourceDate "2022.10.02"]

1. d4 d5 2. c4 Nf6 3. cxd5 Nxd5 4. Nf3 g6 5. e4 Nf6 6. Nc3 Bg7 7. h3 O-O 8. Be3
b6 9. Bd3 Bb7 10. O-O Nbd7 11. Qe2 Re8 12. Rfd1 e6 13. Rac1 a6 14. Bg5 h6 15.
Be3 Qe7 16. e5 Nh7 17. Ne4 Rec8 18. Qd2 Qf8 19. Rc2 Bd5 20. Rdc1 c6 21. Nc3
Bxf3 22. gxf3 Ng5 23. Bxg5 hxg5 24. Ne4 c5 1/2-1/2

[Event "Hamm- Gladbeck"]
[Site "?"]
[Date "2022.11.06"]
[Round "4.5"]
[White "Rickert, Dirk"]
[Black "Woertler, Lars- Erik"]
[Result "1/2-1/2"]
[WhiteElo "2116"]
[BlackElo "1935"]
[PlyCount "38"]
[SourceDate "2022.10.02"]

1. d4 Nf6 2. Nf3 c5 3. d5 d6 4. Nc3 e5 5. dxe6 Bxe6 6. e4 Nc6 7. Bb5 Be7 8. O-O
O-O 9. a4 a6 10. Be2 h6 11. h3 Re8 12. Bf4 Qd7 13. Qd2 Rad8 14. Rad1 d5 15. e5
Nh7 16. Rfe1 g5 17. Bg3 Nf8 18. h4 Nh7 19. hxg5 hxg5 1/2-1/2

[Event "Hamm- Gladbeck"]
[Site "?"]
[Date "2022.11.06"]
[Round "4.6"]
[White "Brieger, Sebastian"]
[Black "Busch, Udo"]
[Result "1-0"]
[WhiteElo "1645"]
[BlackElo "1781"]
[PlyCount "71"]
[SourceDate "2022.10.02"]

1. e4 e6 2. d4 d5 3. Nd2 dxe4 4. Nxe4 Be7 5. Nf3 Nf6 6. Nxf6+ Bxf6 7. c3 O-O 8.
Qc2 Nd7 9. Bd3 g6 10. Bh6 Re8 11. O-O-O c6 12. Kb1 b5 13. h4 Bg7 14. Bxg7 Kxg7
15. h5 Qf6 16. hxg6 hxg6 17. Qd2 Rh8 18. Rxh8 Kxh8 19. Rh1+ Kg8 20. Qe3 Bb7 21.
Ng5 Nf8 22. Ne4 Qg7 23. Qg5 f5 24. Nc5 Re8 25. Re1 Ba8 26. f4 Kf7 27. Qg3 Qf6
28. b4 Re7 29. Qf3 g5 30. g3 g4 31. Qg2 Kg8 32. Bxb5 cxb5 33. Qxa8 Rh7 34. Rxe6
Rh1+ 35. Qxh1 Nxe6 36. Qd5 1-0

[Event "Hamm- Gladbeck"]
[Site "?"]
[Date "2022.11.06"]
[Round "4.7"]
[White "Wendt, Peter"]
[Black "Boelling, Andreas"]
[Result "1-0"]
[WhiteElo "1776"]
[BlackElo "1780"]
[PlyCount "41"]
[SourceDate "2022.10.02"]

1. e4 c5 2. d4 cxd4 3. c3 dxc3 4. Nxc3 e6 5. Nf3 a6 6. Bc4 Qc7 7. Qe2 Nc6 8.
Be3 b5 9. Bb3 d6 10. Rc1 Bb7 11. O-O Nf6 12. Bg5 Be7 13. Rfe1 Qb6 14. Nd5 Qd8
15. Nxe7 Qxe7 16. Bxf6 gxf6 17. Qe3 h5 18. Qb6 Rd8 19. Rxc6 Bxc6 20. Qxc6+ Kf8
21. Qxa6 1-0

[Event "Hamm- Gladbeck"]
[Site "?"]
[Date "2022.11.06"]
[Round "4.8"]
[White "Fluegel, Thomas"]
[Black "Praß, Daniel"]
[Result "1/2-1/2"]
[WhiteElo "1778"]
[BlackElo "1494"]
[PlyCount "50"]
[SourceDate "2022.10.02"]

1. d4 d5 2. c4 e5 3. dxe5 d4 4. Nf3 Nc6 5. g3 Be6 6. Nbd2 Bb4 7. Qc2 Nge7 8. e4
Ng6 9. a3 Bxd2+ 10. Bxd2 Ngxe5 11. Nxe5 Nxe5 12. Qa4+ Qd7 13. Qxd7+ Bxd7 14. f4
Nf3+ 15. Ke2 Nxd2 16. Kxd2 O-O-O 17. Bd3 c5 18. h3 f6 19. g4 Bc6 20. Rhe1 Rhe8
21. Re2 Re7 22. Rae1 Rde8 23. b4 b6 24. Kc2 Kc7 25. Kd2 Kd6 1/2-1/2